000 00443nam a22001817a 4500
003 MPLRDC
005 20220104182907.0
008 210129b ||||| |||| 00| 0 eng d
020 _a986-6786-31-0
082 _a418.91 LM
100 _a李敏
245 _a经期饮食宜忌
_c
250 _a初版
260 _a台湾
_b汉湘文化事业股份有限公司
_c2008
300 _b
650 _a食物治疗
942 _cBK
_o418.91 LM
999 _c62158
_d62148